000 00352nam a2200133Ia 4500
008 190415s9999 xx 000 0 und d
082 _aTN.0068
100 _aNarappanavar, S.R.
245 0 _aOils and oilseeds economy of India : An econometric analysis
250 _aGujarat University
260 _c1984
300 _a293p. + C D - 41
942 _cBK
999 _c17545
_d17545